Countries with Indian military bases - Statistics

General Stats
  • This quiz has been taken 85 times
  • The average score is 3 of 6
Answer Stats
Hint Answer % Correct
Asia Bhutan
77%
Asia Maldives
74%
Africa Mauritius
55%
Africa Madagascar
45%
Africa Seychelles
42%
Asia Tajikistan
32%
No matching quizzes found
Score Distribution
Percent of People with Each Score
Percentile by Number Answered
Your Score History
You have not taken this quiz